LDR 00936naa#a2200181#i#450# 001 RU\\bibl\121477 005 20260429183358.3 011 ## _a1994-4683 100 ## _a20230531b2023####ek#y0rusy0150####ca 102 ## _aRU 200 1# _aОЦЕНКА УРОВНЯ РАЗВИТИЯ ФИЗИЧЕСКИХ КАЧЕСТВ ВОЕННОСЛУЖАЩИХ ПО ПРИЗЫВУ ВОЙСК ПРОТИВОВОЗДУШНОЙ И ПРОТИВОРАКЕТНОЙ ОБОРОНЫ _eЖурнальная статья 210 1# _aМосква _cНациональный государственный Университет физической культуры, спорта и здоровья им. П.Ф. Лесгафта _d2023 215 ## _a4 с. 608 ## _aЖурнальная статья _2local 675 ## _aФизические упражнения. 796.012.6 _z 700 #1 _aХитров _gС С 700 #1 _aГавриков _gА М 856 4# _auchzapiski.lesgaft.spb.ru _u